000 00446nam a2200169Ia 4500
005 20240823051442.0
008 240823s9999||||xx |||||||||||||| ||und||
041 _aENGLISH
082 _A621 N8
100 _aG K Publishers
245 0 _aPapers Solved and Unsolved in General Studies and Mechanical Engineering
250 _a1st
260 _c1998
_b"G K Pub, "
_aNoida
500 _aTRANSFERED
650 _aGeneral
_bGeneral
942 _cBK
999 _c219624
_d219624